Sports Quiz

Random Sports or College Quiz
Score 0/30 Timer 10:00
0 Plays Today
% Correct
Bears
83%
Wildcats
81.3%
Midshipmen
81%
Bulldogs
79.3%
Bulldogs
79.3%
Trojans
78.7%
Zips
78.4%
Commodores
77.8%
Rebels
76.4%
Cougars
74.1%
Rockets
70.9%
Quakers
66%
Miners
66%
Chippewas
64.3%
Mustangs
63.1%
% Correct
Aggies
62%
Terriers
57.9%
Waves
48.1%
Falcons
48.1%
Eagles
46.1%
Dons
42.9%
Paladins
39.2%
Mocs
38.9%
Governors
37.5%
Tigers
36.9%
Lumberjacks
36.6%
Mountain Hawks
34.6%
Lions
32%
Raiders
29.4%
Broncos
29.1%
Remove Ads.
Support Sporcle.
Get the best of Sporcle when you Go Orange. This ad-free experience offers more features, more stats, and more fun while also helping to support Sporcle. Thank you for becoming a member.

You're not logged in!

Compare scores with friends on all Sporcle quizzes.
OR
Log In

Show Comments

Extras

Top Quizzes Today


Score Distribution

Your Account Isn't Verified!

In order to create a playlist on Sporcle, you need to verify the email address you used during registration. Go to your Sporcle Settings to finish the process.

Report this User

Report this user for behavior that violates our Community Guidelines.

Details: